All Character from my favourite Animes - Statistics

General Stats
  • This quiz has been taken 22 times
  • The average score is 32 of 395
Answer Stats
Hint Answer % Correct
Jujutsu Kaisen: Tokyo Jujutsu High Faculty Satoru Gojo
65%
Jujutsu Kaisen: Jujutsu Sorcerers Takuma Ino
55%
Demon Slayer: Slayers Tanjiro Kamado
55%
Naruto: Akatsuki Itachi Uchiha
45%
Demon Slayer: Kamado Family Nezuko Kamado
45%
Naruto: Akatsuki Obito Uchiha
45%
Naruto: Team 7 Sasuke Uchiha
45%
Jujutsu Kaisen: Tokyo Jujutsu High 1st Years Yuji Itadori
45%
Naruto: Akatsuki Madara Uchiha
40%
Naruto: Konoha Ninjas Mikoto Uchiha
40%
Jujutsu Kaisen: Tokyo Jujutsu High 2nd Years Panda
40%
Naruto: Konoha Ninjas Shisui Uchiha
40%
Naruto: Konoha Ninjas Fugaku Uchiha
35%
Demon Slayer: Hashiras Kyojoru Rengoku
35%
Naruto: Iwagakure Ninjas Mu
35%
Naruto: Team 7 Naruto Uzumaki
35%
Demon Slayer: Mugen Train Ruka Rengoku
35%
Demon Slayer: Mugen Train Senjoru Rengoku
35%
Demon Slayer: Hashiras Shinjuro Rengoku
35%
Jujutsu Kaisen: Others Wasuke Itadori
35%
Demon Slayer: Kamado Family Hanako Kamado
30%
Jujutsu Kaisen: Jujutsu Sorcerers Kento Nanami
30%
Demon Slayer: Kamado Family Kie Kamado
30%
Demon Slayer: Hashiras Mitsuri Kanroji
30%
Demon Slayer: Kamado Family Rokuta Kamado
30%
Demon Slayer: Kamado Family Shigeru Kamado
30%
Demon Slayer: Hashiras Shinobu Kocho
30%
Jujutsu Kaisen: Getos Group Suguru Geto
30%
Demon Slayer: Kamado Family Takeo Kamado
30%
Demon Slayer: Kamado Family Tanjuro Kamado
30%
Jujutsu Kaisen: Tokyo Jujutsu High 2nd Years Toge Inumaki
30%
Demon Slayer: Hashiras Giyu Tomioka
25%
Naruto: Team 8 Hinata Hyuga
25%
Demon Slayer: Slayers Inosuke Hashibira
25%
Naruto: Team 7 Kakashi Hatake
25%
Demon Slayer: Hashiras Kanae Kocho
25%
Naruto: Konoha Ninjas Kushina Uzumaki
25%
Jujutsu Kaisen: Jujutsu Sorcerers Mei Mei
25%
Naruto: Team Guy Neji Hyuga
25%
Naruto: Team Guy Rock Lee
25%
Jujutsu Kaisen: Sukuna Alliance Sukuna
25%
Jujutsu Kaisen: Culling Game Players Takako Uro
25%
Demon Slayer: Hashiras Tokito Muichiro
25%
Demon Slayer: Hashiras Uzui Tengen
25%
Demon Slayer: Upper Ranks Akaza
20%
Attack On Titan: Marley Armin Arlert
20%
Naruto: Kumogakure Ninjas C
20%
Naruto: Sand Siblings Gaara
20%
Naruto: Hokage Hashirama Senju
20%
Naruto: Akatsuki Konan
20%
Jujutsu Kaisen: Tokyo Jujutsu High 2nd Years Maki Zenin
20%
Jujutsu Kaisen: Jujutsu Sorcerers Master Tengen
20%
Jujutsu Kaisen: Tokyo Jujutsu High 1st Years Megumi Fushiguro
20%
Naruto: Akatsuki Nagato Uzumaki
20%
Demon Slayer: Hashiras Obanai Iguro
20%
Naruto: Akatsuki Pain
20%
Naruto: Konoha Ninjas Shikaku Nara
20%
Naruto: Team 10 Shikamaru Nara
20%
Naruto: Sand Siblings Temari
20%
Naruto: Team Guy Tenten
20%
Naruto: Hokage Tobirama Senju
20%
Jujutsu Kaisen: Others Tsumiki Fushiguro
20%
Naruto: Hokage Tsunade Senju
20%
Demon Slayer: Flashbacks Tsutako Tomioka
20%
Demon Slayer: Slayers Zenitsu Agatsuma
20%
Demon Slayer: Ubuyashiki Family Amane Ubuyashiki
15%
Naruto: Kirigakure Ninjas Ao
15%
Jujutsu Kaisen: Kyoto Jujutsu High 3rd Years Aoi Todo
15%
Jujutsu Kaisen: Zenin Family Chojuro Zenin
15%
Naruto: Akatsuki Deidara
15%
Attack On Titan: Jaegerists Eren Jaeger
15%
Naruto: Konoha Ninjas Hanabi Hyuga
15%
Naruto: Konoha Ninjas Hiashi Hyuga
15%
Naruto: Akatsuki Hidan
15%
Naruto: Konoha Ninjas Hizashi Hyuga
15%
Naruto: Konoha Ninjas Inoichi Yamanaka
15%
Naruto: Team 10 Ino Yamanaka
15%
Jujutsu Kaisen: Zenin Family Jinichi Zenin
15%
Demon Slayer: Ubuyashiki Family Kagaya Ubuyashiki
15%
Naruto: Tailed Beasts Kurama
15%
Attack On Titan: Marley Levi Ackermann
15%
Jujutsu Kaisen: Kyoto Jujutsu High 2nd Years Mai Zenin
15%
Attack On Titan: Marley Mikasa Ackermann
15%
Naruto: Hokage Minato Namikaze
15%
Demon Slayer: Demons Muzan Kibutsuji
15%
Jujutsu Kaisen: Zenin Family Naobito Zenin
15%
Jujutsu Kaisen: Zenin Family Naoya Zenin
15%
Jujutsu Kaisen: Tokyo Jujutsu High 1st Years Nobara Kugisaki
15%
Jujutsu Kaisen: Zenin Family Nobuaki Zenin
15%
Jujutsu Kaisen: Zenin Family Ogi Zenin
15%
Naruto: Orochimaru Team Orochimaru
15%
Jujutsu Kaisen: Zenin Family Ranta Zenin
15%
Demon Slayer: Final Selection Sabito
15%
Naruto: Team 7 Sai Yamanaka
15%
Naruto: Team 7 Sakura Haruno
15%
Jujutsu Kaisen: Zenin Family Toji Zenin
15%
Naruto: Akatsuki Zetsu
15%
Attack On Titan: Scout Regiment Zoe Hange
15%
Naruto: Team 8 Akamaru
10%
Attack On Titan: Civilians Carla Jaeger
10%
Jujutsu Kaisen: Cursed Special Grades Cursed Rika
10%
Demon Slayer: Upper Ranks Daki
10%
Demon Slayer: Upper Ranks Douma
10%
Attack On Titan: Scout Regiment Eld Gin
10%
Demon Slayer: Lower Ranks Enmu
10%
Attack On Titan: Scout Regiment Erwin Smith
10%
Attack On Titan: Marley Faye Jaeger
10%
Attack On Titan: Civilians Grisha Jaeger
10%
Demon Slayer: Hashiras Gyomei Himejima
10%
Demon Slayer: Upper Ranks Gyutaro
10%
Naruto: Otsutsuki Clan Hagoromo Otsutsuki
10%
Naruto: Otsutsuki Clan Hamura Otsutsuki
10%
Jujutsu Kaisen: Cursed Special Grades Hanami
10%
Demon Slayer: Ubuyashiki Family Hinaki Ubuyashiki
10%
Naruto: Konoha Ninjas Jiraiya
10%
Naruto: Taka Jugo
10%
Naruto: Otsutsuki Clan Kaguya Otsutsuki
10%
Naruto: Akatsuki Kakuzu
10%
Demon Slayer: Ubuyashiki Family Kanata Ubuyashiki
10%
Naruto: Taka Karin
10%
Attack On Titan: Military Police Kenny Ackermann
10%
Naruto: Team 8 Kiba Inuzuka
10%
Demon Slayer: Ubuyashiki Family Kiriya Ubuyashiki
10%
Demon Slayer: Upper Ranks Kokushibo
10%
Demon Slayer: Ubuyashiki Family Kuina Ubuyashiki
10%
Naruto: Team Guy Might Guy
10%
Demon Slayer: Upper Ranks Nakime
10%
Demon Slayer: Ubuyashiki Family Nichika Ubuyashiki
10%
Attack On Titan: Marley Pieck Finger
10%
Attack On Titan: Scout Regiment Sasha Braus
10%
Naruto: Akatsuki Sasori
10%
Naruto: Team 8 Shino Aburame
10%
Demon Slayer: Demons Tamayo
10%
Demon Slayer: Flashbacks Tokito Yuichiro
10%
Jujutsu Kaisen: Kyoto Jujutsu High Faculty Utahime Iori
10%
Naruto: Team 7 Yamato
10%
Attack On Titan: Marley Zeke Jaeger
10%
Naruto: Iwagakure Ninjas Akatsuchi
5%
Demon Slayer: Butterfly Mansion Staff Aoi Kanzaki
5%
Naruto: Otsutsuki Clan Ashura Otsutsuki
5%
Naruto: Team 10 Asuma Sarutobi
5%
Naruto: Sand Siblings Baki
5%
Jujutsu Kaisen: Death Paintings Choso
5%
Attack On Titan: Marley Connie Springer
5%
Jujutsu Kaisen: Cursed Special Grades Dagon
5%
Naruto: Kumogakure Ninjas Darui
5%
Attack On Titan: Marley Dina Fritz
5%
Naruto: Konoha Ninjas Ebisu
5%
Naruto: Animals Enma
5%
Attack On Titan: Tybur Family Fine Tybur
5%
Attack On Titan: Marley Gabi Braun
5%
Naruto: Animals Gamabunta
5%
Naruto: Animals Gamakichi
5%
Demon Slayer: Slayers Genya Shinuzugawa
5%
Demon Slayer: Upper Ranks Gyokko
5%
Demon Slayer: Demons Hand Demon
5%
Attack On Titan: Garrison Regiment Hannes
5%
Demon Slayer: Upper Ranks Hantengu
5%
Naruto: Hokage Hiruzen Sarutobi
5%
Demon Slayer: Swordsmiths Hotaru Haganezuka
5%
Naruto: Otsutsuki Clan Indura Otsutsuki
5%
Naruto: Orochimaru Team Jirobo
5%
Jujutsu Kaisen: Cursed Special Grades Jogo
5%
Naruto: Orochimaru Team Kabuto Yakushi
5%
Naruto: Sand Siblings Kankuro
5%
Attack On Titan: Marley Karina Braun
5%
Attack On Titan: Fritz Family Karl Fritz
5%
Jujutsu Kaisen: Kyoto Jujutsu High 2nd Years Kasumi Miwa
5%
Naruto: Orochimaru Team Kidomaru
5%
Naruto: Kumogakure Ninjas Killer Bee
5%
Naruto: Orochimaru Team Kimimaro
5%
Attack On Titan: Fritz Family King Fritz
5%
Jujutsu Kaisen: Curses Ko-Guy
5%
Naruto: Konoha Ninjas Konohamaru
5%
Attack On Titan: Tybur Family Lara Tybur
5%
Jujutsu Kaisen: Cursed Special Grades Mahito
5%
Demon Slayer: Final Selection Makomo
5%
Naruto: Animals Manda
5%
Attack On Titan: Fritz Family Maria Fritz
5%
Jujutsu Kaisen: Tokyo Jujutsu High Faculty Masamichi Yaga
5%
Jujutsu Kaisen: Kyoto Jujutsu High 2nd Years Mechamaru
5%
Naruto: Konoha Ninjas Moegi
5%
Jujutsu Kaisen: Kyoto Jujutsu High 3rd Years Momo Nishimiya
5%
Demon Slayer: Slayers Murata
5%
Jujutsu Kaisen: Kyoto Jujutsu High 3rd Years Noritoshi Kamo
5%
Naruto: Iwagakure Ninjas Onoki
5%
Naruto: Sunagakure Ninjas Rasa
5%
Attack On Titan: Marley Reiner Braun
5%
Jujutsu Kaisen: Helpers Riko Amanai
5%
Attack On Titan: Fritz Family Rose Fritz
5%
Demon Slayer: Lower Ranks Rui
5%
Jujutsu Kaisen: Culling Game Players Ryu Ishigori
5%
Naruto: Orochimaru Team Sakon and Ukon
5%
Demon Slayer: Hashiras Sakonji Urukodaki
5%
Demon Slayer: Hashiras Sanemi Shinuzugawa
5%
Attack On Titan: Fritz Family Sina Fritz
5%
Demon Slayer: Demons Spider Daughter
5%
Demon Slayer: Demons Spider Father
5%
Demon Slayer: Demons Spider Mother
5%
Demon Slayer: Demons Spider Son
5%
Naruto: Orochimaru Team Tayuya
5%
Naruto: Otsutsuki Clan Toneri Otsutsuki
5%
Attack On Titan: Marleyan Warriors Udo
5%
Naruto: Konoha Ninjas Udon
5%
Jujutsu Kaisen: Helpers Ui Ui
5%
Jujutsu Kaisen: Sukuna Alliance Uraume
5%
Attack On Titan: Tybur Family Willy Tybur
5%
Attack On Titan: Fritz Family Ymir Fritz
5%
Demon Slayer: Slayers Yoriichi Tsugikuni
5%
Jujutsu Kaisen: Culling Game Players Yorozu
5%
Jujutsu Kaisen: Kyoto Jujutsu High Faculty Yoshinobu Gakuganji
5%
Demon Slayer: Demons Yushiro
5%
Jujutsu Kaisen: Tokyo Jujutsu High 2nd Years Yuta Okkotsu
5%
Naruto: Kumogakure Ninjas A ( Fourth Raikage )
0%
Jujutsu Kaisen: Tokyo Jujutsu High Faculty Akari Nitta
0%
Naruto: Konoha Ninjas Anko Mitarashi
0%
Attack On Titan: Marley Annie Leonhart
0%
Jujutsu Kaisen: Kyoto Jujutsu High 1st Years Arata Nitta
0%
Demon Slayer: Demons Arrow Demon
0%
Attack On Titan: Civilians Arthur Brauss
0%
Naruto: Kumogakure Ninjas A ( Third Raikage )
0%
Naruto: Kumogakure Ninjas Atsui
0%
Jujutsu Kaisen: Tokyo Jujutsu High Faculty Atsuya Kusakabe
0%
Demon Slayer: Demons Ball Demon
0%
Attack On Titan: Marleyan Warriors Bertholdt Hoover
0%
Attack On Titan: Marleyan Military Calvi
0%
Jujutsu Kaisen: Culling Game Players Charles Bernard
0%
Naruto: Sunagakure Ninjas Chiyo
0%
Jujutsu Kaisen: Culling Game Players Chizuru Hari
0%
Naruto: Kirigakure Ninjas Chojuro
0%
Naruto: Team 10 Chouji Akimichi
0%
Naruto: Konoha Ninjas Choza Akemichi
0%
Attack On Titan: Marleyan Warriors Colt Grice
0%
Naruto: Konoha Ninjas Dan Katou
0%
Naruto: Konoha Ninjas Danzou Shimura
0%
Attack On Titan: Scout Regiment Darius Walbrunn
0%
Attack On Titan: Jaegerists Daz
0%
Jujutsu Kaisen: Culling Game Players Dhruv Lakdawalla
0%
Attack On Titan: Scout Regiment Dieter Ness
0%
Naruto: Sunagakure Ninjas Dosu
0%
Attack On Titan: Garrison Regiment Dot Pyxis
0%
Attack On Titan: Military Police Duran
0%
Attack On Titan: Marleyan Military Eren Kruger
0%
Jujutsu Kaisen: Death Paintings Eso
0%
Attack On Titan: Marley Falco Grice
0%
Jujutsu Kaisen: Curses Finger Bearers
0%
Attack On Titan: Civilians Flegel Reeves
0%
Attack On Titan: Jaegerists Floch Forster
0%
Jujutsu Kaisen: Curses Fly Heads
0%
Attack On Titan: Cadet Corps Franz Kefka
0%
Attack On Titan: Nobility Frieda Reiss
0%
Jujutsu Kaisen: Culling Game Players Fumihiko Takaba
0%
Naruto: Animals Gamahiro
0%
Naruto: Animals Gamatatsu
0%
Jujutsu Kaisen: Cursed Special Grades Ganesha
0%
Naruto: Kirigakure Ninjas Gengetsu Hozuki
0%
Naruto: Konoha Ninjas Genma Shiranui
0%
Demon Slayer: Butterfly Mansion Staff Goto
0%
Attack On Titan: Scout Regiment Gunther Schulz
0%
Jujutsu Kaisen: Culling Game Players Haba
0%
Jujutsu Kaisen: Culling Game Players Hagane Daido
0%
Jujutsu Kaisen: Culling Game Players Hajime Kashimo
0%
Naruto: Basic Villains Haku
0%
Attack On Titan: Marley Halil
0%
Naruto: Konoha Ninjas Hana Inuzuka
0%
Jujutsu Kaisen: Culling Game Players Hana Kurusu
0%
Jujutsu Kaisen: Culling Game Players Hanyu
0%
Naruto: Amegakure Ninjas Hanzo
0%
Jujutsu Kaisen: Sukuna Alliance Haruta Shigemo
0%
Naruto: Konoha Ninjas Hayate Gekko
0%
Demon Slayer: Entertainment District Hinatsuru
0%
Jujutsu Kaisen: Culling Game Players Hiromi Higuruma
0%
Attack On Titan: Nobility Historia Reiss
0%
Attack On Titan: Jaegerists Hitch Dreyse
0%
Naruto: Konoha Ninjas Homura Mitokado
0%
Demon Slayer: Demons Horned Demon
0%
Attack On Titan: Garrison Regiment Ian Dietrich
0%
Naruto: Konoha Ninjas Ibiku Morino
0%
Attack On Titan: Scout Regiment Ilse Lagnar
0%
Jujutsu Kaisen: Culling Game Players Iori Hazenoki
0%
Naruto: Konoha Ninjas Iruka Umino
0%
Attack On Titan: Scout Regiment Isabel Magnolia
0%
Naruto: Konoha Ninjas Izumo
0%
Attack On Titan: Marley Jean Kirschtein
0%
Demon Slayer: Hashiras Jigoro Kuwaijima
0%
Jujutsu Kaisen: Sukuna Alliance Jiro Awasaka
0%
Jujutsu Kaisen: Others Junpei Yoshino
0%
Naruto: Tailed Beasts Juubi
0%
Jujutsu Kaisen: Sukuna Alliance Juzo Kumiya
0%
Demon Slayer: Upper Ranks Kaigaku
0%
Demon Slayer: Lower Ranks Kamanue
0%
Demon Slayer: Slayers Kanao Tsuyuri
0%
Naruto: Kumogakure Ninjas Karui
0%
Naruto: Animals Katsuyu
0%
Attack On Titan: Civilians Kaya
0%
Jujutsu Kaisen: Death Paintings Kechizu
0%
Attack On Titan: Cadet Corps Keith Shadis
0%
Jujutsu Kaisen: Sukuna Alliance Kenjaku
0%
Jujutsu Kaisen: Tokyo Jujutsu High 3rd Years Kinji Hakari
0%
Jujutsu Kaisen: Tokyo Jujutsu High 3rd Years Kirara Hoshi
0%
Naruto: Akatsuki Kisame Hoshigaki
0%
Attack On Titan: Garrison Regiment Kitz Woermann
0%
Attack On Titan: Civilians Kiyomi Azumabito
0%
Jujutsu Kaisen: Tokyo Jujutsu High Faculty Kiyotaka Ijichi
0%
Demon Slayer: Butterfly Mansion Staff Kiyo Terauchi
0%
Naruto: Konoha Ninjas Koharu Utatane
0%
Demon Slayer: Entertainment District Koinatsu
0%
Demon Slayer: Swordsmiths | Naruto: Konoha Ninjas Kotetsu
0%
Demon Slayer: Swordsmiths Kozo Kanamori
0%
Naruto: Team 8 Kurenai Yuhi
0%
Naruto: Iwagakure Ninjas Kurotsuchi
0%
Jujutsu Kaisen: Cursed Special Grades Kurourushi
0%
Demon Slayer: Lower Ranks Kyogai
0%
Jujutsu Kaisen: Getos Group Larue
0%
Attack On Titan: Scout Regiment Lobov
0%
Attack On Titan: Scout Regiment Luke Cis
0%
Naruto: Kumogakure Ninjas Mabui
0%
Demon Slayer: Entertainment District Makio
0%
Jujutsu Kaisen: Getos Group Manami Suda
0%
Demon Slayer: Demons Mantis Demon
0%
Attack On Titan: Marleyan Warriors Marcel Galliard
0%
Attack On Titan: Cadet Corps Marco Bodt
0%
Attack On Titan: Scout Regiment Marlo Freudenberg
0%
Naruto: Tailed Beasts Matatabi
0%
Naruto: Kirigakure Ninjas Mei Terumi
0%
Attack On Titan: Scout Regiment Miche Zacharius
0%
Naruto: Amegakure Ninjas Mifune
0%
Jujutsu Kaisen: Getos Group Miguel
0%
Jujutsu Kaisen: Getos Group Mimiko Hasaba
0%
Attack On Titan: Cadet Corps Mina Carolina
0%
Jujutsu Kaisen: Helpers Misato Kuroi
0%
Naruto: Orochimaru Team Misumi Tsurugi
0%
Attack On Titan: Garrison Regiment Mitabi Jarnach
0%
Naruto: Konoha Ninjas Mizuki
0%
Attack On Titan: Scout Regiment Moblit Berner
0%
Demon Slayer: Lower Ranks Mukago
0%
Attack On Titan: Marleyan Military Muller
0%
Jujutsu Kaisen: Others Nagi Yoshino
0%
Demon Slayer: Butterfly Mansion Staff Naho Takada
0%
Jujutsu Kaisen: Getos Group Nanako Hasaba
0%
Attack On Titan: Civilians Nicolo
0%
Attack On Titan: Scout Regiment Nifa
0%
Jujutsu Kaisen: Sukuna Alliance Niji Ebina
0%
Jujutsu Kaisen: Sukuna Alliance Ogami
0%
Demon Slayer: Entertainment District Omitsu
0%
Naruto: Kumogakure Ninjas Omoi
0%
Attack On Titan: Marley Onyankopon
0%
Attack On Titan: Scout Regiment Oruo Bazad
0%
Demon Slayer: Slayers Ozaki
0%
Naruto: Animals Pakkun
0%
Attack On Titan: Scout Regiment Petra Rall
0%
Attack On Titan: Marleyan Warriors Porco Galliard
0%
Attack On Titan: Marley Ramzi
0%
Jujutsu Kaisen: Culling Game Players Reggie Star
0%
Jujutsu Kaisen: Culling Game Players Remi
0%
Attack On Titan: Jaegerists Rico Brzenska
0%
Jujutsu Kaisen: Culling Game Players Rin Amai
0%
Naruto: Konoha Ninjas Rin Nohara
0%
Attack On Titan: Nobility Rod Reiss
0%
Jujutsu Kaisen: Culling Game Players Rokujushi Miyo
0%
Demon Slayer: Lower Ranks Rokuro
0%
Attack On Titan: Jaegerists Samuel Jackson
0%
Naruto: Kumogakure Ninjas Samui
0%
Demon Slayer: Flashbacks Sayo
0%
Naruto: Konoha Ninjas Shibi Aburame
0%
Naruto: Konoha Ninjas Shizune
0%
Jujutsu Kaisen: Tokyo Jujutsu High Faculty Shoko Ieiri
0%
Naruto: Tailed Beasts Shukaku
0%
Demon Slayer: Demons Slasher
0%
Jujutsu Kaisen: Cursed Special Grades Smallpox Deity
0%
Naruto: Taka Suigetsu Hozuki
0%
Demon Slayer: Entertainment District Suma
0%
Demon Slayer: Butterfly Mansion Staff Sumi Nakahara
0%
Demon Slayer: Demons Swamp Demom
0%
Demon Slayer: Swordsmiths Tecchin Tecchikawahara
0%
Demon Slayer: Demons Temple Demon
0%
Attack On Titan: Marleyan Military Theo Magath
0%
Attack On Titan: Cadet Corps Thomas Wagner
0%
Attack On Titan: Marleyan Warriors Tom Xaver
0%
Demon Slayer: Demons Tongue Demon
0%
Naruto: Animals Tonton
0%
Jujutsu Kaisen: Getos Group Toshihisa Negi
0%
Attack On Titan: Military Police Traute Carven
0%
Naruto: Konoha Ninjas Tsume Inuzuka
0%
Attack On Titan: Nobility Uri Reiss
0%
Demon Slayer: Lower Ranks Wakuraba
0%
Attack On Titan: Marley Yelena
0%
Attack On Titan: Marley Ymir
0%
Naruto: Orochimaru Team Yoroi Akado
0%
Jujutsu Kaisen: Jujutsu Sorcerers Yuki Tsukumo
0%
Naruto: Basic Villains Zabuza
0%
Naruto: Sunagakure Ninjas Zaku Abumi
0%
Attack On Titan: Marleyan Warriors Zofia
0%
Demon Slayer: Upper Ranks Zohakuten
0%
No matching quizzes found
Score Distribution
Percent of People with Each Score
Percentile by Number Answered
Your Score History
You have not taken this quiz